00689nam a2200205 i 450000100060000000300090000600500170001500700030003200800410003510000280007624500830010426000440018730000220023149000100025370000270026383000180029085200320030899900170034095201260035729352ES-MaACL20230906154022.0t|030121s1959 sp ||||1| spa d1 aBaring, Maurice.92565610aDarby e Ivan / cpor Maurice Baring ; [versión castellana de Alfonso Nadal]. aBarcelona : bG. P., c[1959] (fGuada) a160 p. ; c18 cm.1 aPlaza1 aNadal, Alfonso.9847910 aPlaza9181244 aES-MaACLjC-18756 bR.45410 c29352d29352 00104070aATENEOMbATENEOMcGaleríad2008-01-17eSCl0oC-18756p1030302r2023-02-23 00:00:00w2023-02-23yMONOGRAFIA